000 00490nam a2200205Ia 4500
008 240510s9999 xx 000 0 und d
020 _a0000070355169
041 _aEng
082 _a658
082 _bK55
100 _aKOONTZ, Harold, O'DONNELL, Cyril, WEIHRICH, Heinz
245 0 _aEssentials of management
250 _a4th ed.
260 _bNew York : McGraw - Hill
260 _c1986
300 _a564 p.
650 _aBusiness management
942 _2ddc
942 _cLBK
999 _c24443
_d24443
945 _a1
_bMadushi Gamage
_c1
_dMadushi Gamage